Datum a čas kvízu
26.5
Celkem bodů
Celkový počet nahraných bodů na tomto kvízu bez doplňovacích otázek.
5.
Pořadí na kvízu
Konečné umístění týmu na tomto kvízu.
Zaznamenané odpovědi
| # | Otázka | Odpověď | Body | Výsledky |
|---|---|---|---|---|
| 1. | Ústavní soud odmítl stížnost N... | Bouzov | 1 | |
| 2. | Minulý pátek proběhla ve více... | Fridays for Future | 1 | |
| 3. | Známý herec zavolal v pondělí... | Brad Pitt | 1 | |
| 4. | Minulý týden byla potvrzena fú... | Česká pojišťovna, Pojišťovna Generali | 0 | |
| 5. | Nedělní fotbalové derby mezi S... | 2 červené | 1 | |
| 6. | V tomto tématu se podíváme na... | B | 1 | |
| 5. | Oceňovaný minipivovar Matuška... | Křivoklátsko | 1 | |
| 5. | Jak se poněkud anarchisticky n... | Punkva | 1 | |
| 5. | Na pomezí Pardubického kraje a... | Devět skal | 0 | |
| 5. | Jak se nazývá zřícenina gotick... | Děvičky | 1 |